00970nam a22001815i 4500001000700000003000900007005001700016008004100033040002000074100005100094245009900145260009600244300002100340500010300361852018200464999001900646952012300665162158ES-MaACL20250930063143.0000120s1876 sp |||| | spa d aCAM bspa cCAM1 aPina Domínguez, Mariano, d1840-1895913997113aLa dulce alianza b: juguete cómico en tres actos y en prosa / cpor Mariano Pina Dominguez. aMadrid : b[Administración lírico-dramática], c1876 (fImprenta de José Rodriguez) a67 p. ; c19 cm. aEn port.: Representado la primera vez en Madrid, en el Teatro Español, el 24 de febrero de 1876. aES-MaACLjF-8583(5) z-- Enc. pasta española q-- Falto de la cub. originalz-- Enc. en un vol. facticio formando parte de la col. facticia "Teatro español moderno", vol. 36 c162158d162158 001040708LIBXIXaATENEOMbATENEOMcSPP2d2008-01-17l0oF-8583(5)p1169878r2023-02-23 00:00:00w2023-02-23yMONANT